000 00328nam a22001337a 4500
008 160526b xxu||||| |||| 00| 0 eng d
020 _a9780803623101
020 _a08003623100
020 _a9780803623101
041 _aeng
080 _a618.2
245 _aDaviss drug guide for nursies
_cCynithia A. Sanoski;
942 _2udc
_cBK
999 _c2427
_d2427